000 00767nam a22002177a 4500
008 130821s1982 enka gr eng
020 _a0521287693
040 _aCo-BoUCM
_bspa
041 0 0 _aeng
100 1 _aWeintraub, E. Roy.
_9171277
245 1 0 _aMathematics for economists an integrated approach
_cE. Roy Weintraub
260 _aCambridge (Inglaterra)
_bCambridge University Press
_c1982
300 _axi, 180 páginas
_bilustraciones
504 _aIncluye referencias bibliográficas e índice.
650 0 4 _aEconometría
_913653
650 0 4 _aEconomía matemática
_913703
650 0 4 _aEconomía
_xMetodología
_927538
650 0 4 _aMatemáticas
_919031
942 _a25
_e1
_mW424
_cLIBRO
_2DEWEY
_h510.24339
999 _c89419
_d89419